Razvitije osnovnych idej statističeskoj nauki

Salvato in:
Dettagli Bibliografici
Autore principale: Družinin, Nikolaj Kapitonovič
Natura: Libro
Lingua:russo
Pubblicazione: Moskva Statistika 1979
Tags: Aggiungi Tag
Nessun Tag, puoi essere il primo ad aggiungerne!!

MARC

LEADER 00000nam a2200000 4500
001 0215143
005 20240109105718.6
041 0 |a rus 
044 |a RU 
245 1 0 |a Razvitije osnovnych idej statističeskoj nauki  |c Nikolaj Kapitonovič Družinin 
264 1 |a Moskva  |b Statistika  |c 1979 
300 |a 267 s. 
100 1 |a Družinin, Nikolaj Kapitonovič